El Nuevo Mundo en la visión de Montaigne o los albores del anticolonialismo /
محفوظ في:
| المؤلف الرئيسي: | |
|---|---|
| التنسيق: | غير معروف |
| اللغة: | Spanish |
| منشور في: |
Caracas, Venezuela :
Universidad Simón Bolivar,
1993.
|
| الموضوعات: | |
| الوسوم: |
إضافة وسم
لا توجد وسوم, كن أول من يضع وسما على هذه التسجيلة!
|
MARC
| LEADER | 000000000a22000000004500 | ||
|---|---|---|---|
| 001 | 003677 | ||
| 020 | |a 9802370843 | ||
| 041 | 0 | |a spa | |
| 082 | 0 | 4 | |a 970.03 |b H564n |
| 100 | 1 | |a Soehlke Heer, Peter | |
| 245 | 1 | 3 | |a El Nuevo Mundo en la visión de Montaigne o los albores del anticolonialismo / |c Peter Soehlke Heer. |
| 260 | 1 | |a Caracas, Venezuela : |b Universidad Simón Bolivar, |c 1993. | |
| 300 | |a 212 páginas : |b ilustraciones ; |c 23cm. | ||
| 650 | 4 | |a MONTAIGNE, MICHEL DE, 1533-1592 | |
| 650 | 4 | |a CONOCIMIENTO | |
| 650 | 4 | |a AMERICA | |
| 650 | 4 | |a TRATO A LOS INDIGENAS | |
| 650 | 4 | |a SIGLO XVI | |
| 650 | 4 | |a OPINION PUBLICA | |
| 650 | 4 | |a EUROPA | |
| 650 | 4 | |a HISTORIA | |
| 650 | 4 | |a AMERICA | |
| 999 | |c 10147 |d 10147 | ||
| 942 | |c BK |h 970.03 H564n |2 z | ||



